| 000 | 00895nas a2200253 a 4500 | ||
|---|---|---|---|
| 001 | 000037548 | ||
| 003 | DO-SdBNP | ||
| 005 | 20240903153824.0 | ||
| 008 | 120425c20uu9999dr br1p d 0 0spa d | ||
| 040 |
_aDO-SdBNP _bspa _cBNPHU _erda |
||
| 041 | 1 | 7 |
_aspa _heng |
| 043 | _anwdr | ||
| 245 | 0 | 0 |
_aBohío internacional : _brevista dominicana. |
| 260 |
_aSanto Domingo : _bEdiciones Cabrer. |
||
| 300 |
_av.- : _bil. ; _c21 cm. |
||
| 310 | _aIrregular | ||
| 500 | _aTexto en español e inglés | ||
| 500 | _aTítulo anterior: Bohío dominicano. | ||
| 500 | _aRevista Bohío Internacional especializada en información sobre turismo. | ||
| 565 | _aEl año.45:no.163 (2011), presenta 5 cubiertas diferentes. | ||
| 650 | 4 |
_aTurismo _vPUBLICACIONES PERIÓDICAS _zRepública Dominicana _963915 |
|
| 780 | 0 | 0 |
_aBohío dominicano _dSanto Domingo, Luis Augusto Caminero, ed., 1966 |
| 942 |
_2ddc _cISSUE |
||
| 999 |
_c37038 _d37038 |
||